| 000 | 01230nam a22003737a 4500 | ||
|---|---|---|---|
| 003 | CHAP | ||
| 005 | 20220817044353.0 | ||
| 008 | 100902s2006 it a rn 00010 eng d | ||
| 010 | _a99175 | ||
| 011 | _a100147 | ||
| 020 | _a9789251062395 | ||
| 035 | _a110833 | ||
| 040 | _cCHAP | ||
| 082 | 0 | 4 |
_a636.08 _bF21yDir. v.2 |
| 110 | 2 | _aFAO | |
| 245 | 1 | 0 |
_aPreparation of national strategies and action plans for animal genetic resources _c/by FAO |
| 260 |
_aRome : _bFAO, _c2009 |
||
| 300 | _av, 70 p. | ||
| 490 | 0 |
_aFAO. Producción y sanidad animal. Directrices _v; 2 |
|
| 590 |
_aBATCH-UPD _b10 _c20130110 _lUCH01 _h1159 |
||
| 590 |
_aBATCH-UPD _b10 _c20130410 _lUCH01 _h0741 |
||
| 590 |
_aBATCH-UPD _b10 _c20130914 _lUCH01 _h0630 |
||
| 590 |
_aBATCH-UPD _b10 _c20130914 _lUCH01 _h2133 |
||
| 590 |
_aCONVERSION _b10 _c20130109 _lUCH01 _h1355 |
||
| 650 | 1 | 4 |
_aAgricultura _xAspectos económicos. |
| 650 | 1 | 4 |
_aBiodiversidad. _912724 |
| 650 | 1 | 4 |
_aGanado. _944888 |
| 650 | 1 | 4 | _aGenética animal. |
| 650 | 1 | 4 |
_aRecursos genéticos. _995078 |
| 830 | 0 |
_aFAO. Producción y sanidad animal. Directrices _v; 2 _939658 |
|
| 901 | _aBK | ||
| 942 | _cLIBRO | ||
| 949 |
_a636.08 F21yDir. v.2 _bBC _cFAO _d33724002166587 _eFAO1 _h113354 _i110833 _sb |
||
| 999 |
_c99175 _d99175 |
||